LEADER 00935nam0-22002891i-450- 001 990006711100403321 005 20001010 035 $a000671110 035 $aFED01000671110 035 $a(Aleph)000671110FED01 035 $a000671110 100 $a20001010d--------km-y0itay50------ba 101 0 $aita 105 $ay-------001yy 200 1 $aContratto collettivo dei giornalisti$ecommento al vigente C.C.N.L. dei giornalisti di quotidiani e periodicidella RAI e televisioni private$fGiuseppe M. Berruti 210 $aNapoli$cJovene$d1987 215 $aXX,233 p.$d24 cm 225 1 $a<>principali contratti collettivi di lavoro commentati$v2 700 1$aBerruti,$bGiuseppe Maria$0230409 801 0$aIT$bUNINA$gRICA$2UNIMARC 901 $aBK 912 $a990006711100403321 952 $aX A 307$b5845$fFSPBC 959 $aFSPBC 996 $aContratto collettivo dei giornalisti$9615410 997 $aUNINA DB $aGEN01 LEADER 01160nam 2200385 450 001 9910493207803321 005 20200526115934.0 010 $a88-921-8518-7 035 $a(CKB)4940000000148038 035 $a(MiAaPQ)EBC5982344 035 $a(EXLCZ)994940000000148038 100 $a20200526d2019 uy 0 101 0 $aeng 135 $aurcnu|||||||| 181 $ctxt$2rdacontent 182 $cc$2rdamedia 183 $acr$2rdacarrier 200 10$aAdoption of unconventional financial institutions $ea European perspective /$fMaha Radwan 210 1$aTorino :$cG. Giappichelli Editore,$d[2019] 210 4$dİ2019 215 $a1 online resource (129 pages) 225 0 $aEuropean Islamic Finance Series ;$v3 311 $a88-921-2933-3 606 $aFinance$xReligious aspects$xIslam 608 $aElectronic books. 615 0$aFinance$xReligious aspects$xIslam. 676 $a332.091767 700 $aRadwan$b Maha$0787133 801 0$bMiAaPQ 801 1$bMiAaPQ 801 2$bMiAaPQ 906 $aBOOK 912 $a9910493207803321 996 $aAdoption of unconventional financial institutions$91753498 997 $aUNINA LEADER 01812oam 2200493M 450 001 9910716266003321 005 20200213070501.3 035 $a(CKB)5470000002519464 035 $a(OCoLC)1065768193 035 $a(OCoLC)995470000002519464 035 $a(EXLCZ)995470000002519464 100 $a20071213d1926 ua 0 101 0 $aeng 135 $aurcn||||||||| 181 $ctxt$2rdacontent 182 $cc$2rdamedia 183 $acr$2rdacarrier 200 10$aBridge across the Fox River, near Dundee, Ill. February 1 (calendar day, February 6), 1926. -- Ordered to be printed 210 1$a[Washington, D.C.] :$c[U.S. Government Printing Office],$d1926. 215 $a1 online resource (2 pages) 225 1 $aSenate report / 69th Congress, 1st session. Senate ;$vno. 148 225 1 $a[United States congressional serial set ] ;$v[serial no. 8524] 300 $aBatch processed record: Metadata reviewed, not verified. Some fields updated by batch processes. 300 $aFDLP item number not assigned. 517 $aBridge across the Fox River, near Dundee, Ill. February 1 606 $aBridge construction industry 606 $aBridges$xDesign and construction 606 $aBridges 606 $aRailroads 608 $aLegislative materials.$2lcgft 615 0$aBridge construction industry. 615 0$aBridges$xDesign and construction. 615 0$aBridges. 615 0$aRailroads. 701 $aBingham$b Hiram$f1875-1956$pRepublican (CT)$0463205 801 0$bWYU 801 1$bWYU 801 2$bOCLCO 801 2$bOCLCQ 801 2$bOCLCO 906 $aBOOK 912 $a9910716266003321 996 $aBridge across the Fox River, near Dundee, Ill. February 1 (calendar day, February 6), 1926. -- Ordered to be printed$93502557 997 $aUNINA